ბათუმის შოთა რუსთაველის სახელმწიფო უნივერსიტეტის ბიბლიოთეკა

ავტომობილი ან-დან-ჰაე-მდე / (ბიბ.ჩანაწერი № 51608)

000 -ლიდერი
ფიქსირებული სიგრძის საკონტროლო ველი 01539nam a2200277Ia 4500
001 - საკონტროლო ნომერი
საკონტროლო ველი 18599
003 - საკონტროლო ნომრის იდენტიფიკატორი
საკონტროლო ველი GE_BSU
005 - ბოლო ოპერაციის თარიღი და დრო
საკონტროლო ველი 20190920102419.0
008 - ფიქსირებული სიგრძის მონაცემთა ელემენტები - ზოგადი ინფორმაცია
ფიქსირებული სიგრძის საკონტროლო ველი 181216s2015|||| |||||||||||||| ||geo||
020 ## - წიგნის საერთაშორისო სტანდარტული ნომერი
International Standard Book Number 9789941460142
040 ## - კატალოგიზაციის წყარო
Transcribing agency GE_BSU
041 ## - ენის კოდი
Language code of text/sound track or separate title geo
080 ## - უნივერსალური ათობითი კლასიფიკაციის ინდექსი
Universal Decimal Classification number 629.113.01(038) ა-14
100 ## - მთავარი ჩანაწერი - პიროვნების სახელი
Personal name აბაშიძე, ინდიკო.
9 (RLIN) 4156
245 ## - ცნობა სათაურის შესახებ
Title ავტომობილი ან-დან-ჰაე-მდე /
Statement of responsibility, etc ინდიკო აბაშიძე ; არჩილ აბაშიძე ; რედ : ქეთევან გოლეთიანი.
264 ## - წარმოების, გამოცემის, დისტრიბუციის და სხვა ცნობები
გამოცემის, წარმოების, დისტრიბუციის... ადგილი ბათუმი :
გამოცემის, წარმოების, დისტრიბუციის... სახელწოდება აჭარა,
გამოცემის, წარმოების, დისტრიბუციის... თარიღი 2015.
300 ## - ფიზიკური აღწერა
Extent 271 გვ .:
Dimensions 20 სმ.
501 ## - შენიშვნა თანმხლებ მასალაზე
With note წიგნი არის ავტომობილების კონსტრუქციებთან დაკავშირებული ტერმინოლოგიის,ტექნიკური მომსახურეობის საყოველთაო შეტყობინებების საცნობარო ლექსიკონი.
504 ## - BIBLIOGRAPHY, ETC. NOTE
Bibliography, etc ბიბლიოგრ.: გვ. 271-282
653 ## - INDEX TERM--UNCONTROLLED
Uncontrolled term ავტომობილი ან-დან-ჰაე-მდე
653 ## - INDEX TERM--UNCONTROLLED
Uncontrolled term ტექნიკა,საინჟინრო საქმე.
700 ## - ADDED ENTRY--PERSONAL NAME
Personal name აბაშიძე , არჩილ
9 (RLIN) 4157
700 ## - ADDED ENTRY--PERSONAL NAME
Personal name გოლეთიანი , ქეთევან
Relator term რედაქტორი
9 (RLIN) 4158
942 ## - ADDED ENTRY ELEMENTS (KOHA)
Koha item type წიგნი
Source of classification or shelving scheme
ეგზემპლარები
ჩამოწერის სტატუსი დაკარგული ეგზემპლარის სტატუსი კლასიფიკაციის წყარო ან თაროზე გაწყობის სქემა დაზიანების სტატუსი არ გაიცემა მუდმივი მდებარეობა (დაცვის ადგილი) ამჟამინდელი ადგილსამყოფელი თაროზე განთავსების ადგილი შეძენის თარიღი სრული შენახვის შიფრი შტრიხკოდი ბოლო ოპერაციის თარიღი ეგზემპლარის მიმდევრობითი ნომერი (კეტერი?) ფასის ძალაში შესვლის თარიღი ეგზემპლარის სახეობა ღირებულება, შესყიდვის ნორმალური ფასი საჯარო შენიშვნა
          ბათუმის შოთა რუსთაველის სახელმწიფო უნივერსიტეტის მთავარი ბიბლიოთეკა ბათუმის შოთა რუსთაველის სახელმწიფო უნივერსიტეტის მთავარი ბიბლიოთეკა წიგნსაცავი 2019-09-20 629.113.01(038) ა-14 60024 2019-09-20 60024 2019-09-20 წიგნი 10.00 10 .00
          ბათუმის შოთა რუსთაველის სახელმწიფო უნივერსიტეტის მთავარი ბიბლიოთეკა ტექნოლოგიური ფაკულტეტის ბიბლიოთეკა წიგნსაცავი 2018-12-17 629.113.01(038) ა-14 47248 2018-12-17 47248 2018-12-17 წიგნი    
          ბათუმის შოთა რუსთაველის სახელმწიფო უნივერსიტეტის მთავარი ბიბლიოთეკა ტექნოლოგიური ფაკულტეტის ბიბლიოთეკა წიგნსაცავი 2018-12-17 629.113.01(038) ა-14 47247 2018-12-17 47247 2018-12-17 წიგნი    
          ბათუმის შოთა რუსთაველის სახელმწიფო უნივერსიტეტის მთავარი ბიბლიოთეკა ტექნოლოგიური ფაკულტეტის ბიბლიოთეკა წიგნსაცავი 2018-12-17 629.113.01(038) ა-14 47249 2018-12-17 47249 2018-12-17 წიგნი    
          ბათუმის შოთა რუსთაველის სახელმწიფო უნივერსიტეტის მთავარი ბიბლიოთეკა ტექნოლოგიური ფაკულტეტის ბიბლიოთეკა წიგნსაცავი 2018-12-17 629.113.01(038) ა-14 47246 2018-12-17 47246 2018-12-17 წიგნი    
          ბათუმის შოთა რუსთაველის სახელმწიფო უნივერსიტეტის მთავარი ბიბლიოთეკა ტექნოლოგიური ფაკულტეტის ბიბლიოთეკა წიგნსაცავი 2018-12-17 629.113.01(038) ა-14 27877 2018-12-17 27877 2018-12-17 წიგნი    
          ბათუმის შოთა რუსთაველის სახელმწიფო უნივერსიტეტის მთავარი ბიბლიოთეკა ტექნოლოგიური ფაკულტეტის ბიბლიოთეკა წიგნსაცავი 2018-12-17 629.113.01(038) ა-14 27876 2018-12-17 27876 2018-12-17 წიგნი